Desigualdad, clases sociales y sociedad de los tres tercios (Registro nro. 49174)
[ vista simple ]
| 000 -CABECERA | |
|---|---|
| Longitud fija campo de control | 01020naa a2200277 c 4500 |
| 001 - NÚMERO DE CONTROL | |
| Número de control | 49174 |
| 003 - IDENTIFICADOR DE NÚMERO DE CONTROL | |
| Identificador del número de control | ES-MaCES |
| 005 - FECHA Y HORA DE LA ÚLTIMA TRANSACCIÓN | |
| Fecha y hora de la última transacción | 20180228130228.0 |
| 008 - CAMPO FIJO DE DESCRIPCIÓN FIJA--INFORMACIÓN GENERAL | |
| Códigos de información de longitud fija | 170410s2017 sp ||||| t||||||| ||spa d |
| 040 ## - FUENTE DE CATALOGACIÓN | |
| Centro catalogador de origen | ES-MaCES |
| Lengua de catalogación | spa |
| Centro transcriptor | ES-MaCES |
| Centro modificado | ES-MaCES |
| 100 1# - ENCABEZAMIENTO PRINCIPAL--NOMBRE PERSONAL | |
| 9 (RLIN) | 38000 |
| Nombre de persona | Alberich Nistal, Tomás |
| 245 10 - MENCIÓN DE TÍTULO | |
| Título | Desigualdad, clases sociales y sociedad de los tres tercios |
| Mención de responsabilidad, etc. | Tomás Alberich Nistal, Teresa Amezcua Aguilar |
| 500 ## - NOTA GENERAL | |
| Nota general | Resumen |
| 650 #4 - ASIENTO SECUNDARIO DE MATERIA--TÉRMINO DE MATERIA | |
| 9 (RLIN) | 27296 |
| Término de materia o nombre geográfico como elemento inicial | clase social |
| 650 #4 - ASIENTO SECUNDARIO DE MATERIA--TÉRMINO DE MATERIA | |
| 9 (RLIN) | 27289 |
| Término de materia o nombre geográfico como elemento inicial | estructura social |
| 650 #4 - ASIENTO SECUNDARIO DE MATERIA--TÉRMINO DE MATERIA | |
| 9 (RLIN) | 30789 |
| Término de materia o nombre geográfico como elemento inicial | desigualdad social |
| 650 #4 - ASIENTO SECUNDARIO DE MATERIA--TÉRMINO DE MATERIA | |
| 9 (RLIN) | 27112 |
| Término de materia o nombre geográfico como elemento inicial | pobreza |
| 650 #4 - ASIENTO SECUNDARIO DE MATERIA--TÉRMINO DE MATERIA | |
| 9 (RLIN) | 30629 |
| Término de materia o nombre geográfico como elemento inicial | exclusión social |
| 650 #4 - ASIENTO SECUNDARIO DE MATERIA--TÉRMINO DE MATERIA | |
| 9 (RLIN) | 30653 |
| Término de materia o nombre geográfico como elemento inicial | globalización económica |
| 650 #4 - ASIENTO SECUNDARIO DE MATERIA--TÉRMINO DE MATERIA | |
| 9 (RLIN) | 27288 |
| Término de materia o nombre geográfico como elemento inicial | consecuencias sociales |
| 653 10 - TÉRMINO DE INDEXACIÓN--NO CONTROLADO | |
| Término no controlado | Asuntos Sociales |
| 700 1# - ENCABEZAMIENTO SECUNDARIO--NOMBRE PERSONAL | |
| 9 (RLIN) | 38001 |
| Nombre de persona | Amezcua Aguilar, Teresa |
| 773 0# - ENTRADA DE DOCUMENTO FUENTE | |
| Itemnumber del ítem fuente | 85685 |
| Lugar, editor y fecha de publicación | Madrid (Fuencarral, 127, 28010) Fundación Sistema |
| Otro identificador del documento | 088583 |
| Título | Sistema |
| Número de control del registro relacionado | (ES-MaCES)25730 |
| Parte(s) relacionada(s) | n. 245 (en. 2017) {10278 R. 088583} ;p. 17-51 |
| 902 ## - CES. TIPO DE DOCUMENTO | |
| Tipodoc (006$c Sirtex) | ART Artículo de revista |
| 942 ## - ELEMENTOS KOHA | |
| Fuente de clasificaión o esquema | Clasificación propia del CES |
| Koha [por defecto] tipo de item | Artículos (1982-2017) |
| Parte de clasificación | Asuntos Sociales |
No hay ítems disponibles.
